Sumatra Provinces on Geoguessr - Statistics

General Stats
  • This quiz has been taken 14 times
  • The average score is 8 of 10
Answer Stats
Picture Answer % Correct
Riau
100%
Jambi
93%
Lampung
93%
Aceh
86%
Bengkulu
71%
Bangka Belitung
64%
North Sumatra
64%
Riau Islands
64%
South Sumatra
64%
West Sumatra
64%
No matching quizzes found
Score Distribution
Percent of People with Each Score
Percentile by Number Answered
Your Score History
You have not taken this quiz